<?xml version="1.0" encoding="UTF-8"?>
<record
    xmlns:xsi="http://www.w3.org/2001/XMLSchema-instance"
    xsi:schemaLocation="http://www.loc.gov/MARC21/slim http://www.loc.gov/standards/marcxml/schema/MARC21slim.xsd"
    xmlns="http://www.loc.gov/MARC21/slim">

  <leader>00630nam a22002057a 4500</leader>
  <controlfield tag="003">UA-OsUOA</controlfield>
  <controlfield tag="001"> 10193 </controlfield>
  <controlfield tag="007">ta</controlfield>
  <controlfield tag="008">20050105b un ||||| |||| 00| 0 ukr d</controlfield>
  <datafield tag="100" ind1=" " ind2=" ">
    <subfield code="a">&#x41A;&#x438;&#x440;&#x435;&#x439;&#x43A;&#x43E; &#x412;.</subfield>
  </datafield>
  <datafield tag="942" ind1=" " ind2=" ">
    <subfield code="c">SA</subfield>
  </datafield>
  <datafield tag="040" ind1=" " ind2=" ">
    <subfield code="a">UA-OsUOA</subfield>
    <subfield code="b">ukr</subfield>
    <subfield code="c">UA-OsUOA</subfield>
    <subfield code="d">UA-OsUOA</subfield>
  </datafield>
  <datafield tag="245" ind1=" " ind2=" ">
    <subfield code="a">&#x413;&#x43E;&#x43B;&#x43E;&#x441;&#x43E;&#x43C; &#x43D;&#x456;&#x436;&#x43D;&#x43E;&#x433;&#x43E; &#x441;&#x435;&#x440;&#x446;&#x44F; : [ &#x41F;&#x440;&#x43E; &#x436;&#x438;&#x442;&#x442;&#x44F; &#x456; &#x442;&#x432;&#x43E;&#x440;&#x447;. &#x437;&#x430;&#x441;&#x43B;&#x443;&#x436;&#x435;&#x43D;&#x43E;&#x457; &#x430;&#x440;&#x442;&#x438;&#x441;&#x442;&#x43A;&#x438; &#x412;. &#x410;&#x43D;&#x442;&#x43E;&#x43D;&#x44E;&#x43A; ]</subfield>
  </datafield>
  <datafield tag="300" ind1=" " ind2=" ">
    <subfield code="a">&#x421;.4</subfield>
  </datafield>
  <datafield tag="955" ind1=" " ind2=" ">
    <subfield code="a">0</subfield>
  </datafield>
  <datafield tag="041" ind1=" " ind2=" ">
    <subfield code="a">ukr</subfield>
  </datafield>
  <datafield tag="044" ind1=" " ind2=" ">
    <subfield code="a">UA</subfield>
  </datafield>
  <datafield tag="773" ind1="0" ind2=" ">
    <subfield code="w">0</subfield>
    <subfield code="t">&#x41B;&#x456;&#x442;&#x435;&#x440;&#x430;&#x442;&#x443;&#x440;&#x43D;&#x430; &#x423;&#x43A;&#x440;&#x430;&#x457;&#x43D;&#x430;</subfield>
    <subfield code="d">&#x41A;&#x438;&#x457;&#x432;</subfield>
    <subfield code="d">2004</subfield>
    <subfield code="g">&#x2116;51 /30&#x433;&#x440;&#x443;&#x434;./</subfield>
  </datafield>
  <datafield tag="650" ind1=" " ind2="7">
    <subfield code="a">&#x410;&#x43D;&#x442;&#x43E;&#x43D;&#x44E;&#x43A; &#x412;.</subfield>
    <subfield code="2">UDC</subfield>
  </datafield>
  <datafield tag="999" ind1=" " ind2=" ">
    <subfield code="c">296354</subfield>
    <subfield code="d">296354</subfield>
  </datafield>
</record>
